000 00367nam a2200145Ia 4500
008 090122s9999 xx 000 0 und d
082 _b3355
_a823.1
100 _aHarte
_bBret
245 _aSelected Stories of Bretharte
600 _aHarte
630 _aSelected Stories of Bretharte
700 _aHarte
730 _aSelected Stories of Bretharte
942 _cBOOK
999 _c27433
_d27433